| 000 | 00760nam a22002057a 4500 | ||
|---|---|---|---|
| 999 |
_c18741 _d18741 |
||
| 003 | AR-CdUCM | ||
| 008 | 190515b ||||| |||| 00| 0 spa d | ||
| 040 |
_aMUNICIPALIDAD PROVINCIAL DEL CUSCO _cBIBLIOTECA MUNICIPAL DEL CUSCO |
||
| 082 |
_a658.1 / _bP47 |
||
| 100 |
_aPeurifoy, R. L. _939512 |
||
| 245 | _aEstimación de los costos de construcción / | ||
| 260 |
_aMéxico : _bDiana, _c1977. |
||
| 300 | _a494 páginas ; | ||
| 505 | _aContenido : Lista de abreviaturas y símbolos -- Introducción -- Costo del equipo de construcción -- Manejo y transporte de materiales -- Terracerías y excavación ... | ||
| 650 |
_aMateriales _922177 |
||
| 650 |
_aConstrucción _94996 |
||
| 650 |
_aCostos _923163 |
||
| 942 |
_2ddc _cLIBROS |
||
| 945 |
_arah _d2019/05/15 |
||